000 00411cam a22001337a 4500
008 180718b1969 xxu||||| |||| 00| 0 eng d
082 _aB 706 x42 Un3 Rs 9
100 _aLondon. Her Majestt's stationery office
245 _aResearch studies community attitudes survey : England
_cBy HMSO
260 _aLondon
_bHMSO
_c1969
300 _a186p.
650 _aLocal government -- England
650 _aCommunity life
999 _c416392
_d416392